000 00940cam a2200277u 4500
999 _c174601
_d174601
001 7835715
003 Nust
005 20170202151208.0
008 821210s1857 pau 000 0 eng
010 _a 37014751
020 _a9780141439969
040 _aDLC
_cCarP
_dDLC
050 0 0 _aPR4562
_b.A1 1857a
082 _a823.8
_bDIC
100 1 _aDickens, Charles,
_d1812-1870.
245 1 0 _aLittle Dorrit.
260 _aPhiladelphia,
_bT. B. Peterson [pref.
_c1857
300 _aXXXIII, 985 p.
_c24 cm.
610 2 0 _aMarshalsea Prison (Southwark, London, England)
_vFiction.
650 0 _aInheritance and succession
_vFiction.
650 0 _aDebt, Imprisonment for
_vFiction.
650 0 _aFathers and daughters
_vFiction.
650 0 _aChildren of prisoners
_vFiction.
651 0 _aLondon (England)
_vFiction.
655 7 _aDomestic fiction.
_2lcsh
655 7 _aLove stories.
_2gsafd
906 _a0
_bcbc
_cpremunv
_du
_encip
_f19
_gy-gencatlg
942 _2ddc
_cBK